मुक्तिबोध / (Record no. 112444)

MARC details
000 -LEADER
fixed length control field 01122nam a22002657a 4500
005 - DATE AND TIME OF LATEST TRANSACTION
control field 20170124102939.0
010 ## - LIBRARY OF CONGRESS CONTROL NUMBER
LC control number A-802793
020 ## - INTERNATIONAL STANDARD BOOK NUMBER
Terms of availability 15.00
International Standard Book Number 812600018
035 ## - SYSTEM CONTROL NUMBER
System control number A-802793
037 ## - SOURCE OF ACQUISITION
Source of stock number/acquisition Cen Lib/Ret
040 ## - CATALOGING SOURCE
Original cataloging agency DPL
Language of cataloging HN
082 ## - DEWEY DECIMAL CLASSIFICATION NUMBER
Classification number 821.08
Item number नन्दकि
100 ## - MAIN ENTRY--PERSONAL NAME
Personal name नन्दकिशोर नवल
9 (RLIN) 7895
245 ## - TITLE STATEMENT
Title मुक्तिबोध /
Statement of responsibility, etc नन्दकिशोर नवल
246 ## - VARYING FORM OF TITLE
Title proper/short title Muktibodh /
Remainder of title by Nandkishore Naval
260 ## - PUBLICATION, DISTRIBUTION, ETC. (IMPRINT)
Place of publication, distribution, etc नयी दिल्ली
Name of publisher, distributor, etc साहित्य अकादमी
Date of publication, distribution, etc 1996
270 ## - ADDRESS
City नयी दिल्ली
Address 35, फीरोजशाह मार्ग
Postal code 110001
300 ## - PHYSICAL DESCRIPTION
Extent 102पृ.
Dimensions 21सेमी (सजिल्द)
500 ## - GENERAL NOTE
General note संदर्भ शामिल
650 ## - SUBJECT ADDED ENTRY--TOPICAL TERM
Topical term or geographic name as entry element हिन्दी -- साहित्य
9 (RLIN) 47533
650 ## - SUBJECT ADDED ENTRY--TOPICAL TERM
Topical term or geographic name as entry element हिन्दी -- काव्य रचना
9 (RLIN) 47534
650 ## - SUBJECT ADDED ENTRY--TOPICAL TERM
Topical term or geographic name as entry element Hindi -- Literature
9 (RLIN) 47535
650 ## - SUBJECT ADDED ENTRY--TOPICAL TERM
Topical term or geographic name as entry element Hindi - poetry creation
9 (RLIN) 47536
942 ## - ADDED ENTRY ELEMENTS (KOHA)
Source of classification or shelving scheme Dewey Decimal Classification
Koha item type Hindi Books
Classification part 821.08
Call number suffix नन्दकि
Holdings
Withdrawn status Lost status Damaged status Not for loan Home library Current library Date acquired Source of acquisition Cost, normal purchase price Total Checkouts Full call number Barcode Date last seen Date checked out Copy number Cost, replacement price Price effective from Koha item type
        Central Library Central Library 08/08/2015 Cen Lib/Ret 15.00 1 821.08 नन्दकि A-802793 13/06/2017 30/05/2017 1 15.00 08/08/2015 Hindi Books

© Delhi Public Library
Hit Counter
free hit counter